000 00501nam a2200181Ia 4500
999 _c1603
_d1603
003 OSt
005 20200928110213.0
008 190216s9999||||xx |||||||||||||| ||und||
020 _a0074517880
040 _coclc
082 _a582.13
_bNAI/T
100 _aNaik, V N
_95055
245 0 _aTaxonomy Of Angiosperms /
_cV N Naik
260 _bTata Mcgrawhill Publishers,
_aNew Delhi:
_c2001.
300 _a304p
650 _aBotany
942 _cBK
_2ddc
_h582.13
_iNAI/T
_k582.13
_mNAI/T